| 000 | 00580nam a2200169 4500 | ||
|---|---|---|---|
| 008 | 011129s1980 us engYA | ||
| 020 | _a0802821782 | ||
| 090 |
_aPA881 _bM86v |
||
| 100 | 1 | _aMoulton, James Hope. | |
| 245 | 1 | 0 |
_aThe vocabulary of the Greek Testament : _billustrated from the papyri and other non-literary sources / _cJames Hope Moulton. |
| 250 | _arep. ed. | ||
| 260 |
_aMichigan : _bEerdmans, _cc1980. |
||
| 300 | _a705 p. | ||
| 650 | 4 |
_aGreek language _xDictionaries. |
|
| 951 |
_p6288 _x00009098 _oPA881/M86v _j070613111023250 _d2000-12-21 _cREF |
||
| 999 |
_c5151 _d5151 |
||